[Event "Catalunya-chT"]
[Site "Spain"]
[Date "2003.??.??"]
[Round "7"]
[White "Ros Badia, Oriol"]
[Black "Mendez Rocha, Antonio"]
[Result "1-0"]
[WhiteElo "2045"]
[BlackElo "1830"]
[PlyCount "41"]
[EventDate "2003.??.??"]
[EventType "team"]
[EventRounds "9"]
[EventCountry "ESP"]
[SourceTitle "EXT 2007"]
[Source "ChessBase"]
[SourceDate "2006.11.23"]
[SourceVersion "1"]
[SourceVersionDate "2006.11.23"]
[SourceQuality "1"]

1. d4 c5 2. d5 b5 3. e4 b4 4. c4 d6 5. f4 g6 6. Nf3 Bg7 7. Bd3 Nd7 8. 0-0 Nh6 9. Qe1 f5 10. exf5 Nxf5 11. Bxf5 gxf5 12. Nbd2 Nb6 13. Ng5 Bd4+ 14. Kh1 Na4 15. Nb3 Bf6 16. Qe2 h5 17. Re1 a5 18. Rb1 Nb6 19. Ne6 Bxe6 20. Qxe6 Qd7 21. Qxf6 1-0

[Event "Catalunya-chT"]
[Site "Barcelona"]
[Date "2002.??.??"]
[Round "3"]
[White "Vazquez Chaves, Santiago"]
[Black "Mendez Rocha, Antonio"]
[Result "1-0"]
[WhiteElo "1930"]
[BlackElo "1880"]
[PlyCount "95"]
[EventDate "2002.??.??"]
[EventType "team"]
[EventRounds "9"]
[EventCountry "ESP"]
[SourceTitle "EXT 2008"]
[Source "ChessBase"]
[SourceDate "2007.11.25"]
[SourceVersion "1"]
[SourceVersionDate "2007.11.25"]
[SourceQuality "1"]

1. d4 d6 2. Nf3 Nf6 3. h3 g6 4. Bf4 Bg7 5. e3 Nd5 6. Bh2 c5 7. c3 Qb6 8. Qd2 cxd4 9. Nxd4 Nf6 10. Bd3 0-0 11. 0-0 Nc6 12. Na3 Nxd4 13. exd4 a6 14. Nc4 Qd8 15. Bf4 b5 16. Na3 Bb7 17. Rfe1 Rc8 18. Nc2 Nd5 19. Bh6 Bxh6 20. Qxh6 Nf6 21. a3 Rc7 22. Rad1 Qa8 23. Bf1 Bd5 24. Qh4 Bb3 25. Rd2 Qd5 26. Nb4 Qb7 27. g3 Kg7 28. Bg2 d5 29. Nd3 Qc8 30. Nc5 Bc4 31. b3 Bxb3 32. Nxb3 Rxc3 33. Nc5 e6 34. Ra2 Re8 35. Qf4 a5 36. Qd2 b4 37. axb4 axb4 38. Ra4 Ne4 39. Bxe4 dxe4 40. Rxb4 Ra3 41. Nxe4 Qa8 42. Qf4 Qa5 43. Qf6+ Kh6 44. Rbb1 Qf5 45. Qh4+ Qh5 46. Qxh5+ gxh5 47. Nd6 Re7 48. Nf5+ 1-0